A műelemzés gondjai az irodalomórákon a szakmunkások szakközépiskolájában

Elmentve itt :
Bibliográfiai részletek
Szerző: Rozsnyai Jenőné (Témavezető)
Dokumentumtípus: Szakdolgozat
Megjelent: 1985
Tárgyszavak:
Online Access:http://diploma.bibl.u-szeged.hu/44774
LEADER 00592nta a2200157 i 4500
001 dipl44774
005 20141004094725.0
008 141004s1985 hu om 0|| zxx d
040 |a SZTE Diploma Repozitórium  |b hun 
041 |a zxx 
100 1 |a Rozsnyai Jenőné 
245 1 2 |a A műelemzés gondjai az irodalomórákon a szakmunkások szakközépiskolájában  |h [elektronikus dokumentum] /  |c Jenőné Rozsnyai 
260 |c 1985 
650 4 |a Bölcsészettudományok 
700 1 |a Rozsnyai Jenőné  |e ths 
856 4 0 |u http://diploma.bibl.u-szeged.hu/id/eprint/44774/1/1985_rozsnyai_jenone.pdf  |z Dokumentum-elérés